00973cam a22002657a 45000010009000000050017000090080041000260100017000670200018000840400013001020820021001152450075001362600055002113000033002665000050002996500037003496500030003866530022004166550024004387000025004629060045004879420021005329990017005539520137005701718886220150318124839.0120229s2012 nyuad b 001 0 eng  a 2012002000 a9781614707981 aDLCcDLC00a621.042bREN22200aRenewable energy applications in power systems /cedit by Jizhong Zhu. aNew York :bNova Science Publishers, Inc,cc.2012. aix, 208 p. :bill. ;c26 cm. aIncludes bibliographical refernces and index. 0aElectric power production.93759 0aRenewable energy sources. bENGMECcMarch2015 vreading book9342321 aZhu, Jizhong,d1961- a7bcbccorignewd1eecipf20gy-gencatlg 2ddck621.042 REN c19063d19035 00102ddc40708BaccahaMAINbMAINc1STd2015-03-18epurchaseg1140.00l0o621.042 RENp000037596r2025-07-15 00:00:00v1425.00yBB